000 00569cam a2200193ua 4500
001 6285
008 140510n ii |||gr||||Z||||||eng
020 _a81-7866-537-9
040 _cMAIN
082 _a658
245 _aPrinciples of business management(with case problems)
_cBy S.A. Sherlekar
260 _aMumbai:
_bHimalaya publishing house,
_c2003.
_a[s.l]:
_a[s.l]:
300 _axiv,572p.
653 _aGeneral management
653 _aPrinciples of business management
700 _aSherlekar,S.A.,
_eAuthor.,
700 _aSherlekar,V.S.,
_eAuthor.
942 _cBK
999 _c5437
_d5437